Intenzita prejavov vonkajšej a vnútornej nerovnováhy v Slovenskej republike
Zhodnotenie slovenskej ekonomiky v období 1998 – 2007, teda v čase, kedy ju ešte nezasiahla hospodárska kríza. Analýza makroekonomických nerovnováh. Vývoj nerovnováhy v jednotlivých oblastiach mnohouholníka. Oblasť ekonomickej dynamiky. Oblasť vonkajšej ekonomickej rovnováhy. Oblasť cien, meny a kur...
Na minha lista:
| Autor principal: | |
|---|---|
| Formato: | Capítulo de Livro |
| Idioma: | eslovaco |
| Assuntos: | |
| Tags: |
Sem tags, seja o primeiro a adicionar uma tag!
|
MARC
| LEADER | 00000nla$a2200000$$$4500 | ||
|---|---|---|---|
| 001 | 0147294 | ||
| 005 | 20240502072648.6 | ||
| 041 | 0 | |a slo | |
| 044 | |a SK | ||
| 245 | 1 | 0 | |a Intenzita prejavov vonkajšej a vnútornej nerovnováhy v Slovenskej republike |c Štefan Sabo |
| 520 | |a Zhodnotenie slovenskej ekonomiky v období 1998 – 2007, teda v čase, kedy ju ešte nezasiahla hospodárska kríza. Analýza makroekonomických nerovnováh. Vývoj nerovnováhy v jednotlivých oblastiach mnohouholníka. Oblasť ekonomickej dynamiky. Oblasť vonkajšej ekonomickej rovnováhy. Oblasť cien, meny a kurzov. Vnútorná rovnováha a optimálne využitie zdrojov. | ||
| 610 | 2 | 0 | |a politika hospodárska |
| 610 | 2 | 0 | |a rast hospodársky |
| 610 | 2 | 0 | |a nerovnováha hospodárska |
| 610 | 2 | 0 | |a rast hospodársky nerovnovážny |
| 610 | 2 | 0 | |a ukazovatele makroekonomické |
| 610 | 2 | 0 | |a Slovensko |
| 100 | 1 | |a Sabo, Štefan | |